Представление документа в формате MARC21

ПолеНазваниеЗначение
  Тип записи a
  Библиографический уровень m
001 Контрольный номер RU\infra-m\znanium\bibl\2236217
005 Дата корректировки 20260429142132.4
008 Кодируемые данные 260120s2025 RU g rus u
020 Индекс ISBN __
a ISBN 978-5-206-00079-5
040 Источник каталогиз. __
a Служба первич. каталог. Общество с ограниченной ответственностью «ЗНАНИУМ»
041 Код языка издания __
a Код языка текста rus
044 Код страны публикации __
a Код страны публикации RU
080 Индекс УДК __
a Индекс УДК 004
080 Индекс УДК __
a Индекс УДК 650
084 Индекс другой классификации/Индекс ББК __
2 Источник индекса rubbk
a Индекс другой классификации/Индекс ББК 3297
084 Индекс другой классификации/Индекс ББК __
2 Источник индекса rubbk
a Индекс другой классификации/Индекс ББК 6529
084 Индекс другой классификации/Индекс ББК __
2 Источник индекса okso
a Индекс другой классификации/Индекс ББК 02.03.01
084 Индекс другой классификации/Индекс ББК __
2 Источник индекса okso
a Индекс другой классификации/Индекс ББК 02.03.02
084 Индекс другой классификации/Индекс ББК __
2 Источник индекса okso
a Индекс другой классификации/Индекс ББК 02.03.03
084 Индекс другой классификации/Индекс ББК __
2 Источник индекса okso
a Индекс другой классификации/Индекс ББК 09.03.01
084 Индекс другой классификации/Индекс ББК __
2 Источник индекса okso
a Индекс другой классификации/Индекс ББК 09.03.02
084 Индекс другой классификации/Индекс ББК __
2 Источник индекса okso
a Индекс другой классификации/Индекс ББК 09.03.03
084 Индекс другой классификации/Индекс ББК __
2 Источник индекса okso
a Индекс другой классификации/Индекс ББК 38.03.01
084 Индекс другой классификации/Индекс ББК __
2 Источник индекса okso
a Индекс другой классификации/Индекс ББК 38.03.02
084 Индекс другой классификации/Индекс ББК __
2 Источник индекса okso
a Индекс другой классификации/Индекс ББК 38.03.05
100 Автор __
a Автор Колоколов А.
q Полное имя Колоколов Алексей
245 Заглавие __
a Заглавие Заставьте данные говорить : Как сделать бизнес-дашборд в Excel. Руководство по визуализации данных
b Продолж. заглавия Практическое пособие
250 Сведения об издании __
a Основные сведения об издании 1
260 Выходные данные __
a Место издания Москва
b Издательство Альпина ПРО
c Дата издания 2026
300 Физическое описание __
a Объем 248 с.
520 Аннотация __
a Аннотация Данные должны приносить пользу бизнесу. А их грамотная подача — повышать профессиональную ценность специалистов. Книга «Заставьте данные говорить» написана чтобы вы добились и того и другого. Это простое практическое пособие по созданию интерактивных дашбордов в Excel поможет тем кто готовит отчеты и превращает сырые данные в информацию для принятия решений. Специальной подготовки не требуется — материал изложен понятно даже для начинающих. После выполнения пошаговых инструкций у вас будет несколько версий управленческого отчета. Все полученные навыки пригодятся для самостоятельной разработки дашбордов. Правила выбора диаграмм советы и лайфхаки от практика сделают ваши данные информативными а визуализацию — профессиональной.
521 Примеч. о цел. назн. __
a Примеч. о целев. назн. Дополнительное образование взрослых
650 Тематические рубрики __
a Основная рубрика Информатика. Вычислительная техника
x Основная подрубрика Базы и банки данных. СУБД
650 Тематические рубрики __
a Основная рубрика Информатика. Вычислительная техника
x Основная подрубрика Информационные технологии в экономике и управлении
655 Указ. предметных рубрик (устаревшее) __
a Жанр/ форма (устаревшее) Практическое пособие
856 Электронный адрес документа 4_
a Имя сервера/домена znanium.ru
m Помощь ebs_support@infra-m.ru
n Местонахождение сервера НИЦ ИНФРА-М
u URL https://znanium.ru/catalog/document?id=474173
856 Электронный адрес документа 48
a Имя сервера/домена znanium.ru
d Путь /cover/2236
f Электронное имя 2236217.jpg
q Тип электронного формата image/jpeg
u URL https://znanium.ru/cover/2236/2236217.jpg
911 __
u 0030=https://znanium.ru/catalog/document?id=474173